| 000 | 00419nam a2200133 4500 | ||
|---|---|---|---|
| 999 |
_c511704 _d511704 |
||
| 008 | 191004b ||||| |||| 00| 0 eng d | ||
| 100 |
_aRaghavan, P.S. _911868 |
||
| 245 | _aThe evolution of India's national security architecture | ||
| 260 | _bJournal of Defence Studies | ||
| 300 | _a13(3), Jul-Sep, 2019: p.33-52. | ||
| 773 | _aJournal of Defence Studies | ||
| 906 | _aNational security - India | ||
| 942 |
_2ddc _cAR |
||